Statistics for Geography by Letter on the Map of Asia - B

Click here to take the quiz!

General Stats

  • This quiz has been taken 6,319 times
  • The average score is 11 of 20

Answers on the Map

Answers color-coded by a green-red scale on the quiz's map according to % correct below.
 

Answer Stats

Answer% Correct
Bay of Bengal
92%
Borneo
89%
Bangladesh
87%
Black Sea
85%
Bahrain
84%
Bering Sea
82%
Bhutan
74%
Lake Baikal
72%
Busan
68%
Bosphorus
65%
Bangalore
63%
Bali
62%
Bishkek
59%
Brahmaputra
44%
Basra
36%
Bursa
27%
Banda Sea
18%
Lake Balkhash
16%
Buryatia
10%
Belukha Mountain
3%

Score Distribution

Percentile by Number Answered

Percent of People with Each Score

Your Score History

You have not taken this quiz